Statistiques concernant Démineur n°2

Cliquez ici pour prendre le quiz!

Statistiques générales

  • Ce quiz a été pris 298 fois
    (183 depuis la dernière actualisation)
  • Le résultat moyen est 13 sur 16

Statistiques - réponses

QuestionTuileSelect% Correct
Trouvez les trois bombes!-Non
91%
Trouvez les trois bombes!-Non
89%
Trouvez les trois bombes!-Non
88%
Trouvez les trois bombes!Nombre qui s'écrit avec deux barres sur un afficheur à 7 segmentsNon
88%
Trouvez les trois bombes!-Non
87%
Trouvez les trois bombes!Nombre d'ailes sur le casque d'AstérixNon
86%
Trouvez les trois bombes!Place de Vénus dans le système solaireNon
86%
Trouvez les trois bombes!Premier entier naturelNon
84%
Trouvez les trois bombes!Numéro associé au mois de janvierNon
83%
Trouvez les trois bombes!Résultat de 1x1/1Non
80%
Trouvez les trois bombes!-Non
79%
Trouvez les trois bombes!-Non
79%
Trouvez les trois bombes!-Non
67%
Trouvez les trois bombes!-Oui
67%
Trouvez les trois bombes!-Oui
62%
Trouvez les trois bombes!-Oui
59%

Distribution des résultats

Percentile par nombre de réponses

% des personnes avec chaque résultat

Votre développement - résultats

Vous n’avez pas pris ce quiz depuis la dernière actualisation